The Happy Learning Book FOR SIBLING : (Record no. 184668)

MARC details
000 -LEADER
fixed length control field 01356nam a2200313 i 4500
003 - CONTROL NUMBER IDENTIFIER
control field OSt
005 - DATE AND TIME OF LATEST TRANSACTION
control field 20210816135307.0
008 - FIXED-LENGTH DATA ELEMENTS--GENERAL INFORMATION
fixed length control field 210815s2020 si ao g 000 0 eng d
020 ## - INTERNATIONAL STANDARD BOOK NUMBER
International Standard Book Number 9789811224164
Terms of availability RM79.90
Qualifying information hardback
040 ## - CATALOGING SOURCE
Original cataloging agency PPAK
Language of cataloging eng
Transcribing agency PPAK
Description conventions rda
082 04 - DEWEY DECIMAL CLASSIFICATION NUMBER
Edition number 23
Classification number 649.1
090 00 - LOCALLY ASSIGNED LC-TYPE CALL NUMBER (OCLC); LOCAL CALL NUMBER (RLIN)
Classification number (OCLC) (R) ; Classification number, CALL (RLIN) (NR) 649.1
Feature heading SOR
Feature heading G
100 1# - MAIN ENTRY--PERSONAL NAME
Personal name Sor, Fynn,
Relator term author.
245 10 - TITLE STATEMENT
Title The Happy Learning Book FOR SIBLING :
Remainder of title 50 Awesome Activities for Siblings to Learn and Play Together at Home /
Statement of responsibility, etc. Fynn Sor
246 3# - VARYING FORM OF TITLE
Title proper/short title 50 awesome activities for siblings to learn and play together at home
Title proper/short title Fifty awesome activities for siblings to learn and play together at home
264 #1 - PRODUCTION, PUBLICATION, DISTRIBUTION, MANUFACTURE, AND COPYRIGHT NOTICE
Place of production, publication, distribution, manufacture Singapore :
Name of producer, publisher, distributor, manufacturer WS Education,
Date of production, publication, distribution, manufacture, or copyright notice [2020]
300 ## - PHYSICAL DESCRIPTION
Extent 144 pages :
Other physical details colour photographs ;
Dimensions 26 cm
336 ## - CONTENT TYPE
Source rdacontent
Content type term text
337 ## - MEDIA TYPE
Source rdamedia
Media type term unmediated
338 ## - CARRIER TYPE
Source rdacarrier
Carrier type term volume
520 ## - SUMMARY, ETC.
Summary, etc. Features 50 hands-on activites you can conduct in the comfort of your home. They are divided into five learning areas - Literacy, Numeracy, Discover of the world, Motor skills, and Sensory play, arts and crafts. Each project is scaled for children of different ages to experience together.
650 10 - SUBJECT ADDED ENTRY--TOPICAL TERM
Topical term or geographic name entry element Child rearing
Topical term or geographic name entry element Brothers and sisters
Form subdivision Recreation
Topical term or geographic name entry element Learning
Topical term or geographic name entry element Play
700 1# - ADDED ENTRY--PERSONAL NAME
Personal name Wan, Ruth,
Dates associated with a name 1976-
Relator term editor.
942 ## - ADDED ENTRY ELEMENTS (KOHA)
Source of classification or shelving scheme Dewey Decimal Classification
Koha item type Book
Holdings
Withdrawn Not for loan Current library Shelving location Date acquired Total Checkouts Total Renewals Full call number Barcode Date last seen Date last checked out Koha item type
    Perpustakaan Alor Setar Pinjaman Dewasa 29/08/2021 3 1 649.1 SOR A01700198 10/05/2025 25/03/2025 Book
    Perpustakaan Awam Sungai Petani Pinjaman Dewasa 29/08/2021 2 1 649.1 SOR A01700199 08/11/2025 18/10/2025 Book
    Perpustakaan Kulim Pinjaman Dewasa 29/08/2021     649.1 SOR A01700200 29/08/2021   Book